| 000 | 00748cab a2200241 4500 | ||
|---|---|---|---|
| 001 | WB3433-62 | ||
| 008 | 090401t1998 xxu||||| |||| 00| 0 eng d | ||
| 035 | _a(Sirsi) u88222 | ||
| 041 | _aeng | ||
| 245 | _aIrish boom defies economic theories | ||
| 260 | _c1998 | ||
| 350 | _a0 | ||
| 490 |
_aObserver _v30 August 1998, 4(3) |
||
| 520 | _aIreland is enjoying a pace of economic growth unseen by any other developed country in the past 20 years, an effect of which is that property prices have risen by 40 per cent in the past year. | ||
| 650 | _aECONOMIC BOOM | ||
| 650 | _aECONOMY | ||
| 650 | _aEIRE | ||
| 650 | _aPROPERTY PRICES | ||
| 650 | _aREPUBLIC OF IRELAND | ||
| 690 | _aOVERSEAS-EUROPE | ||
| 942 | _n0 | ||
| 948 | _c02/09/1998 | ||
| 999 |
_c55733 _d55733 |
||